<?xml version="1.0" encoding="UTF-8"?>
<record
    xmlns:xsi="http://www.w3.org/2001/XMLSchema-instance"
    xsi:schemaLocation="http://www.loc.gov/MARC21/slim http://www.loc.gov/standards/marcxml/schema/MARC21slim.xsd"
    xmlns="http://www.loc.gov/MARC21/slim">

  <leader>     nam a22     7i 4500</leader>
  <datafield tag="999" ind1=" " ind2=" ">
    <subfield code="c">6423</subfield>
    <subfield code="d">6423</subfield>
  </datafield>
  <controlfield tag="001">7559</controlfield>
  <controlfield tag="003">OSt</controlfield>
  <controlfield tag="005">20171113173958.0</controlfield>
  <controlfield tag="007">tu</controlfield>
  <controlfield tag="008">161220s2007    xxu||||| |||| 00| 0 eng d</controlfield>
  <datafield tag="024" ind1="7" ind2=" ">
    <subfield code="a">7559</subfield>
    <subfield code="2">RSN (alt)</subfield>
  </datafield>
  <datafield tag="040" ind1=" " ind2=" ">
    <subfield code="c">OSt</subfield>
  </datafield>
  <datafield tag="041" ind1=" " ind2=" ">
    <subfield code="a">eng</subfield>
  </datafield>
  <datafield tag="100" ind1="1" ind2=" ">
    <subfield code="a">Vizek, Maru&#x161;ka</subfield>
  </datafield>
  <datafield tag="245" ind1="1" ind2="0">
    <subfield code="a">Modelling inflation in Croatia</subfield>
  </datafield>
  <datafield tag="260" ind1=" " ind2=" ">
    <subfield code="a">Zagreb :</subfield>
    <subfield code="c">2007.</subfield>
    <subfield code="b">Ekonomski Institut Zagreb,</subfield>
  </datafield>
  <datafield tag="300" ind1=" " ind2=" ">
    <subfield code="a">22 S. : </subfield>
    <subfield code="b">graph. Darst.</subfield>
  </datafield>
  <datafield tag="490" ind1="1" ind2=" ">
    <subfield code="a">EIZ Working Papers </subfield>
    <subfield code="v">2007.03</subfield>
  </datafield>
  <datafield tag="500" ind1=" " ind2=" ">
    <subfield code="a">Zsfassung in kroat. Sprache</subfield>
  </datafield>
  <datafield tag="651" ind1=" " ind2=" ">
    <subfield code="a">Croatia</subfield>
  </datafield>
  <datafield tag="700" ind1="1" ind2=" ">
    <subfield code="a">Broz, Tanja</subfield>
  </datafield>
  <datafield tag="830" ind1=" " ind2=" ">
    <subfield code="t">EIZ Working Papers</subfield>
    <subfield code="v">2007.03</subfield>
    <subfield code="w"> WIIW0000058</subfield>
  </datafield>
  <datafield tag="942" ind1=" " ind2=" ">
    <subfield code="c">P</subfield>
  </datafield>
  <datafield tag="952" ind1=" " ind2=" ">
    <subfield code="0">0</subfield>
    <subfield code="1">0</subfield>
    <subfield code="4">0</subfield>
    <subfield code="7">0</subfield>
    <subfield code="a">BIB</subfield>
    <subfield code="b">BIB</subfield>
    <subfield code="c">1</subfield>
    <subfield code="d">2007-07-18</subfield>
    <subfield code="i">7559</subfield>
    <subfield code="l">0</subfield>
    <subfield code="p">10003526</subfield>
    <subfield code="r">2017-01-26 00:00:00</subfield>
    <subfield code="w">2017-01-26</subfield>
    <subfield code="y">P</subfield>
  </datafield>
</record>
